000 00530nam a2200181Ia 4500
005 20250508151925.0
008 008 250505s9999 xx 000 0 eng d
037 _aTextual
040 _aFEDL
_beng
_cFEDL
041 _aeng
_2eng
084 _a371.73, WIL
_qFEDL
100 _aWillee A W
_9760377
245 0 _aSmall apparatus for primary school physical education
260 _aCarlton
_bMelbourne University Press
_c1955
300 _aviii,136p.
942 _cTEXL
_h371.73, WIL
999 _c1332997
_d1332997